000 00923nas a2200289 4500
001 BR7908649
003 BR-BrBNA
005 20231205084041.0
007 ta
008 230509b bl.|||p| |||| 00| 00por d
040 _aBR-BrBNA
_bpor
_cBiblioteca Nacional de Agricultura
041 _a(Pt)
072 _aF25
100 1 _aBranco, J.R.C.
100 1 _aRibeiro, C.C.
100 1 _aLacaz, P.A.
111 1 _aSeminario Stab de Equipamentos industriais
_cAguas de Sao Pedro, SP (Brazil)
_d25-26 Oct 1979
245 1 _aOportunidades para industria de equipamentos no aproveitamento economico do vinhoto
650 _aVINHACA
650 _aRESIDUO INDUSTRIAL
650 _aINDUSTRIA AGRICOLA
650 _aANALISE ECONOMICA
650 _aFERTILIZANTE
773 0 _tSaccharum (Brazil)
_xISSN 0100-6223
_g(Dec 1979), v. 2(7) p. 19-28
_wBR7908649
909 _a202311
_bLúcia
_c55
_dLúcia Elande
942 _2AGRIS
_n0
_cANA
999 _c102802
_d102802